Central Library OPAC University of Rajshahi

Study guide to acoompany Sociology : an introduction / (Record no. 34335)

MARC details
000 -LEADER
fixed length control field 01108nam a2200361 4500
001 - CONTROL NUMBER
control field 34335
003 - CONTROL NUMBER IDENTIFIER
rucl marc code BD-RjUL
005 - DATE AND TIME OF LATEST TRANSACTION
control field 20211209052137.0
008 - FIXED-LENGTH DATA ELEMENTS--GENERAL INFORMATION
fixed length control field 140515s1984 nyua b 000 0 eng d
020 ## - INTERNATIONAL STANDARD BOOK NUMBER
International Standard Book Number 0394351525
035 ## - SYSTEM CONTROL NUMBER
System control number MITb10151522
System control number (OCoLC)08947112
System control number (BD-RjUL)34429
040 ## - CATALOGING SOURCE
Original cataloging agency DLC
Transcribing agency DLC
Modifying agency BD-RjUL
Language of cataloging eng
041 ## - LANGUAGE CODE
Language code of text/sound track or separate title eng
082 ## - DEWEY DECIMAL CLASSIFICATION NUMBER
Classification number 301
Author mark and year BAS 1984
099 ## - LOCAL FREE-TEXT CALL NUMBER (OCLC)
Bangla Class number HM51.B33 1982
100 1# - MAIN ENTRY--PERSONAL NAME
Personal name Bassis, Michael S.
9 (RLIN) 101025
245 10 - TITLE STATEMENT
Title Study guide to acoompany Sociology : an introduction /
Statement of responsibility, etc. Michael S. Bassis, Richard J. Gelles, Ann Levine
250 ## - EDITION STATEMENT
Edition statement 2nd. ed.
260 ## - PUBLICATION, DISTRIBUTION, ETC. (IMPRINT)
Place of publication, distribution, etc. New York :
Name of publisher, distributor, etc. Harcourt Brace Jovanovich,
Date of publication, distribution, etc. c1984.
300 ## - PHYSICAL DESCRIPTION
Pagination iv, 222 p. :
Illustrations ill. ;
Size 25 cm.
504 ## - BIBLIOGRAPHY, ETC. NOTE
Bibliography, etc Includes bibliographies .
650 #0 - SUBJECT ADDED ENTRY--TOPICAL TERM
Topical term or geographic name as entry element Sociology.
9 (RLIN) 104409
Topical term or geographic name as entry element Social problems.
9 (RLIN) 104410
651 #0 - SUBJECT ADDED ENTRY--GEOGRAPHIC NAME
Geographic name United States
General subdivision Social conditions.
9 (RLIN) 104411
700 1# - ADDED ENTRY--PERSONAL NAME
Personal name Gelles, Richard J.
Personal name Levine, Ann.
Personal name Merton, Robert King,
Dates associated with a name 1910-2003.
942 ## - ADDED ENTRY ELEMENTS (KOHA)
Source of classification or shelving scheme Dewey Decimal Classification
Koha item type Books
Holdings
Lost status Source of classification or shelving scheme Damaged status Not for loan Collection code Permanent Location Current Location Shelving location Date acquired Source of acquisition Cost, normal purchase price Total Checkouts Full call number Date last seen Copy number Koha item type
  Dewey Decimal Classification     Non-fiction Central Library, University of Rajshahi Central Library, University of Rajshahi   17/11/1988 Asia Foundation 0.00   301 BAS 1984 15/05/2014 C-3 Books